000 00820nam a2200253 i 4500
001 45361
003 ES-MaACL
005 20240426121501.0
007 t|
008 030325s1982 sp ||||1| spa d
020 _a84-306-1209-2
245 0 3 _aEl Colegio de Sociología (1937-1939) /
_ctextos de Georges Bataille ... [et al.] ; presentados por Denis Hollier ; versión de Mauro Armiño.
260 _a[Madrid] :
_bTaurus,
_c[1982]
300 _a386 p. ;
_c21 cm.
490 1 _aEnsayistas ;
_v209
610 2 4 _aCollege de Sociologie.
_9171874
650 0 0 _aSociología-
_yS.XX.
_917202
700 1 _aBataille, Georges.
_926391
700 1 _aHollier, Denis.
_964035
700 0 _aArmiño, Mauro,
_d1944-
_922987
830 1 _aEnsayistas ;
_v209
_9177257
852 _aES-MaACL
_jL-4843
999 _c45361
_d45361